00534nam a2200181 a 4500001001300000003000900013005001700022008004100039020002600080082001800106100002700124245006600151260004600217300000900263500003500272505002700307650001800334nice12345678IN_TiNIC20260116013045.0050524s1996 newa grp 000 0 eng  a0231773 c364.2500a294.5211bWAG aWaghorne, Joanne Punzo aGods of Flesh Gods of Stoneb Embodiment of Divinity in India aNew YorkbColumbia University Pressc1996 a208p aincludes index and biblioraphy2 aGlossary, Bibliography aGods-Hinduism